[Event "Toulouse"]
[Site "Toulouse"]
[Date "1996.??.??"]
[Round "1"]
[White "Touzane, Olivier"]
[Black "Dunnington, Angus J"]
[Result "1/2-1/2"]
[WhiteElo "2495"]
[BlackElo "2450"]

1.d4 Nf6 2.c4 e6 3.Nf3 Bb4+ 4.Bd2 c5 5.Bxb4 cxb4 6.g3 b6 7.Bg2 Bb7 8.O-O O-O
9.Nbd2 d6 10.Qb3 a5 11.a3 bxa3 12.bxa3 Nbd7 13.Rab1 Rb8 14.Rb2 Qc7 15.Rc1 Rfc8
16.Rbc2 Qd8 17.Ng5 Ba6 18.a4 Qf8 19.e3 Rc7 20.Nb1 Rbc8 21.Na3 h6 22.Nf3 d5
23.Nb5 Rxc4 24.Rxc4 Rxc4 25.Rxc4 dxc4 26.Qxc4 Qc8 27.Qxc8+ Bxc8 28.Nd2 Ba6
29.Nd6 Kf8 30.Bf1 Bxf1 31.Kxf1 Ke7 32.N2c4 Nd5 33.Nb5 f5 34.Ke2 Kf6 35.f3 Ke7
36.e4 fxe4 37.fxe4 N5f6 38.Kf3 Kd8 39.Nbd6 Ne8 40.Nb5 Nc7 41.Nbd6 Ne8 42.Nxe8 Kxe8
43.e5 Kd8 44.Nd6 Kc7 45.Ke4 Kc6 46.h4 Nb8 47.h5 Kd7 48.g4 Na6 49.Kd3  1/2-1/2

[Event "CRO-chT"]
[Site "Tucepi"]
[Date "1996.??.??"]
[Round "?"]
[White "Radocaj, Denis"]
[Black "Matijevic, Hrvoje"]
[Result "1/2-1/2"]
[WhiteElo "2330"]
[BlackElo "2270"]

1.d4 Nf6 2.c4 e6 3.Nf3 Bb4+ 4.Bd2 Qe7 5.g3 Nc6 6.Nc3 O-O 7.Bg2 Bxc3 8.Bxc3 Ne4
9.Rc1 d6 10.d5 Nxc3 11.Rxc3 Nb8 12.dxe6 fxe6 13.O-O Na6 14.Nd4 e5 15.Nb5 Rf6
16.Rd3 Nc5 17.Rd2 a5 18.Nc3  1/2-1/2

[Event "Tuebingen-ch55"]
[Site "Tuebingen"]
[Date "1996.??.??"]
[Round "?"]
[White "Gerlach, Stefan"]
[Black "Moser, Goetz"]
[Result "0-1"]
[WhiteElo "1750"]
[BlackElo "2070"]

1.d4 Nf6 2.c4 e6 3.Nf3 Bb4+ 4.Bd2 a5 5.g3 d6 6.Bg2 Qe7 7.O-O Bxd2 8.Qxd2 O-O
9.Nc3 e5 10.Ng5 Nc6 11.e3 Bf5 12.d5 Nb4 13.e4 Bd7 14.a3 Na6 15.Rab1 h6 16.Nf3 Nc5
17.Qc2 a4 18.Nd2 g5 19.b4 axb3 20.Nxb3 Nxb3 21.Qxb3 b6 22.Rb2 Nh5 23.Bf3 Ng7
24.Ra2 f5 25.a4 f4 26.Qd1 Bh3 27.Bg2 Bxg2 28.Kxg2 f3+ 29.Kh1 Qd7 30.Rg1 Nh5
31.g4 Nf4 32.Rg3 Ng6 33.Rxf3 Rxf3 34.Qxf3 Rf8 35.Qg3 Nh4 36.Nd1 Rf4 37.Ne3 Rxe4
38.a5 bxa5 39.Rxa5 Kh7 40.h3 Rf4 41.c5 Rf3 42.Qh2 Qf7 43.Ra2 Rxe3  0-1

[Event "Tuusula We op"]
[Site "Tuusula"]
[Date "1996.??.??"]
[Round "4"]
[White "Veingold, Aleksandr"]
[Black "Nykopp, Jan Michael F"]
[Result "0-1"]
[WhiteElo "2425"]
[BlackElo "2250"]

1.d4 Nf6 2.Nf3 e6 3.c4 Bb4+ 4.Bd2 a5 5.g3 b6 6.Bg2 Bb7 7.O-O O-O 8.Bf4 Be7
9.Nc3 Ne4 10.Qc2 Nxc3 11.Qxc3 d6 12.Rfe1 f5 13.Qe3 Qc8 14.Bg5 Bxg5 15.Nxg5 Bxg2
16.Kxg2 Rf6 17.Qf3 Nd7 18.e4 h6 19.Nh3 Qb7 20.Nf4 fxe4 21.Qxe4 Qxe4+ 22.Rxe4 e5
23.Nd5 Rf7 24.Nxc7 Raf8 25.Re2 exd4 26.Ne6 d3 27.Nxf8 dxe2 28.Nxd7 Rxd7 29.Kf3 Rc7
30.Kxe2 Rxc4 31.Rd1 Rc6 32.Kd3 Kf7 33.Re1 Rc5 34.h4 Rd5+ 35.Kc3 Rc5+ 36.Kd2 Rd5+
37.Ke2 Ke6 38.Rc1 Kd7 39.Rc3 Re5+ 40.Kd2 Rd5+ 41.Rd3 Rf5 42.Ke2 Re5+ 43.Re3 Rc5
44.Rc3 Re5+ 45.Kd2 Rf5 46.f3 Rd5+ 47.Rd3 Re5 48.Re3 Rd5+ 49.Rd3 Re5 50.Rd4 Re7
51.Rg4 Rf7 52.Ke3 Kc6 53.Rg6 Kc5 54.f4 d5 55.Re6 b5 56.Re5 a4 57.Kd3 a3 58.b3 Rc7
59.Re2 Kb4 60.Rc2 Rxc2 61.Kxc2 h5 62.Kd3 Kc5 63.Ke3 g6 64.Kd2 d4 65.Ke2 Kd5
66.Kf3 b4 67.Kf2 Ke4 68.Ke2 d3+ 69.Kf2 d2 70.Ke2 d1=Q+ 71.Kxd1 Kf3  0-1

[Event "Paks GM"]
[Site "Ungarn"]
[Date "1996.??.??"]
[Round "?"]
[White "Horvath, Jozsef"]
[Black "Vukanovic, Sasa"]
[Result "1/2-1/2"]
[WhiteElo "2505"]
[BlackElo "2360"]

1.d4 Nf6 2.c4 e6 3.Nf3 Bb4+ 4.Bd2 c5 5.Bxb4 cxb4 6.g3 O-O 7.Bg2 d6 8.O-O Nc6
9.Nbd2 e5 10.d5 Nb8 11.a3 Na6 12.Ne1 Qb6 13.Nd3 Re8 14.e4 Bg4  1/2-1/2

[Event "CZE-ch U20"]
[Site "Usti nad Labem"]
[Date "1996.??.??"]
[Round "1"]
[White "Neumann, Peter"]
[Black "Chytilek, Roman"]
[Result "0-1"]
[WhiteElo "2215"]
[BlackElo "2320"]

1.d4 Nf6 2.c4 e6 3.Nf3 Bb4+ 4.Bd2 Qe7 5.g3 Nc6 6.Nc3 d5 7.cxd5 exd5 8.Bg2 O-O
9.O-O Bf5 10.Rc1 Rfe8 11.Re1 Be4 12.Bf4 Rad8 13.a3 Ba5 14.Ne5 Nxe5 15.dxe5 Nh5
16.Bxe4 dxe4 17.Qa4 Bb6 18.Qxe4 Nxf4 19.gxf4 Qh4 20.e3 Re6 21.Red1 Rde8 22.Qf3 f6
23.Qg3 Qxg3+ 24.hxg3 fxe5 25.fxe5 Rxe5 26.Nd5 c6 27.Nxb6 axb6 28.Rd7 R8e7
29.Rxe7 Rxe7 30.Rd1 Kf7 31.Rd3 Kf6 32.Kg2 Re5 33.f4 Rb5 34.b4 Ke6 35.e4 g5
36.Kf3 h5 37.Rd8 g4+ 38.Ke3 h4 39.gxh4 Rh5 40.f5+  0-1

[Event "CZE-ch (Women)"]
[Site "Usti nad Labem"]
[Date "1996.??.??"]
[Round "6"]
[White "Saljova, Silvie"]
[Black "Ptacnikova, Lenka"]
[Result "0-1"]
[WhiteElo "2235"]
[BlackElo "2185"]

1.d4 Nf6 2.Nf3 e6 3.c4 Bb4+ 4.Bd2 Qe7 5.g3 O-O 6.Bg2 Bxd2+ 7.Nbxd2 d6 8.O-O e5
9.e4 Bg4 10.Qc2 a5 11.a3 a4 12.Qd3 Nc6 13.d5 Nb8 14.Ne1 Na6 15.f3 Nc5 16.Qc3 Bc8
17.Nd3 Nxd3 18.Qxd3 Nd7 19.Rfe1 Qg5 20.Qc3 Nc5 21.Nf1 Ra6 22.h4 Qg6 23.Kh2 Rb6
24.Re2 f5 25.exf5 Bxf5 26.Nd2 h5 27.Bh3 Bxh3 28.Kxh3 Nb3 29.Rf1 Nxd2 30.Qxd2 Rb3
31.Kg2 e4 32.Rxe4 Rfxf3 33.Re8+ Qxe8 34.Rxf3 Qe4 35.Qf2 Rd3 36.Qf1 Re3  0-1

[Event "Velden op"]
[Site "Velden"]
[Date "1996.??.??"]
[Round "1"]
[White "Horvath, Csaba"]
[Black "Petschar, Kurt"]
[Result "1-0"]
[WhiteElo "2530"]
[BlackElo "2270"]

1.d4 Nf6 2.c4 e6 3.Nf3 Bb4+ 4.Bd2 Qe7 5.g3 Nc6 6.Nc3 O-O 7.Bg2 Bxc3 8.Bxc3 Ne4
9.Qc2 Nxc3 10.Qxc3 d6 11.O-O a5 12.d5 Nb8 13.dxe6 fxe6 14.c5 dxc5 15.Ne5 Ra7
16.Rac1 b6 17.Rfd1 Bb7 18.Bxb7 Rxb7 19.Qe3 c6 20.Rd3 Rd8 21.Rc4 Rd5 22.Re4 Qd6
23.Nc4 Rxd3 24.exd3 Qd5 25.Rxe6 Nd7 26.Rd6 Qf7 27.Rxc6 Rb8 28.Re6 Nf6 29.Nd6 Qd7
30.Qe5 Rf8 31.Re7 Qg4 32.Nf5 Qd1+ 33.Kg2 Qxd3 34.Rxg7+ Kh8 35.Rxh7+ Kxh7
36.Qe7+ Kg6 37.Nh4+  1-0

[Event "Vendrell op"]
[Site "Vendrell"]
[Date "1996.??.??"]
[Round "9"]
[White "Gomez Esteban, Juan Mario"]
[Black "Villavicencio, Adalberto"]
[Result "1-0"]
[WhiteElo "2475"]
[BlackElo "2280"]

1.d4 Nf6 2.c4 e6 3.Nf3 Bb4+ 4.Bd2 a5 5.Nc3 d5 6.e3 O-O 7.Bd3 Nbd7 8.Qc2 b6
9.a3 Bxc3 10.Bxc3 Ba6 11.Nd2 c5 12.b3 Qe7 13.O-O e5 14.Rfe1 e4 15.Bf1 Rfe8
16.h3 Rac8 17.Qb2 a4 18.bxa4 dxc4 19.Nxc4 cxd4 20.Bb4 Qe6 21.Nd6 d3 22.Nxc8 Rxc8
23.Rec1 Re8 24.Rc7 Nd5 25.Ra7 Bc8 26.Rc1 Ne5 27.Ra8 Bb7 28.Rxe8+ Qxe8 29.a5 f5
30.Bd6 Nd7 31.axb6 Qe6 32.Bc7 N7xb6 33.Bxb6 Qxb6 34.Qxb6 Nxb6 35.Rb1  1-0

[Event "Vienna op"]
[Site "Vienna"]
[Date "1996.??.??"]
[Round "4"]
[White "Tkachiev, Vladislav"]
[Black "Kindermann, Stefan"]
[Result "1-0"]
[WhiteElo "2620"]
[BlackElo "2530"]

1.d4 Nf6 2.Nf3 e6 3.c4 Bb4+ 4.Bd2 Qe7 5.Nc3 O-O 6.Qc2 d5 7.a3 Bxc3 8.Bxc3 b6
9.e3 Bb7 10.cxd5 exd5 11.b4 c6 12.Bd3 Ba6 13.b5 Bc8 14.Bb4 c5 15.dxc5 a5
16.bxa6 Nxa6 17.Bxa6 Bxa6 18.cxb6 Qd7 19.Bxf8 Rxf8 20.Nd4 Ne4 21.f3 Rc8 22.Qb2 Nc5
23.Rd1 Qe7 24.Nf5 Qg5 25.g4 Re8 26.Kf2 Nd3+ 27.Rxd3 Bxd3 28.h4  1-0

[Event "Vienna op"]
[Site "Vienna"]
[Date "1996.??.??"]
[Round "7"]
[White "Herndl, Harald"]
[Black "Hertan, Charles E"]
[Result "0-1"]
[WhiteElo "2365"]
[BlackElo "2410"]

1.d4 Nf6 2.c4 e6 3.Nf3 Bb4+ 4.Bd2 Qe7 5.g3 Nc6 6.Bg2 Bxd2+ 7.Nbxd2 O-O 8.O-O d6
9.e4 a5 10.a3 a4 11.Qc2 e5 12.d5 Nb8 13.Ne1 Nbd7 14.Nd3 Ne8 15.Bh3 b6 16.f4 Nc5
17.Bxc8 Nxd3 18.Qxd3 Rxc8 19.Nf3 Nf6 20.fxe5 dxe5 21.Nh4 g6 22.Rf2 Nd7 23.Raf1 f6
24.Qe3 Rf7 25.Nf3 Rcf8 26.g4 f5 27.gxf5 gxf5 28.Rg2+ Rg7 29.Rxg7+ Qxg7+ 30.Kh1 f4
31.Qe2 Rf6 32.Nh4 Kh8 33.Rg1 Qf7 34.Qg4 f3 35.Nf5 f2 36.Rf1 Nc5 37.Rxf2 Nd3
38.Rg2 Rg6 39.Qh4 Rxg2 40.Kxg2 Nxb2 41.Qd8+ Qg8+ 42.Qxg8+ Kxg8 43.Ne3 Kf7
44.Kf3 Nd3 45.Ng4 h5 46.Ke3 hxg4 47.Kxd3 Kf6 48.c5 bxc5 49.Kc4 Kg5 50.Kxc5 Kf4  0-1

[Event "Vienna op"]
[Site "Vienna"]
[Date "1996.??.??"]
[Round "8"]
[White "Herndl, Harald"]
[Black "Henley, Ron W"]
[Result "1/2-1/2"]
[WhiteElo "2365"]
[BlackElo "2465"]

1.d4 Nf6 2.c4 e6 3.Nf3 Bb4+ 4.Bd2 Qe7 5.g3 Nc6 6.Bg2 Bxd2+ 7.Nbxd2 d6 8.O-O a5
9.e4 e5 10.d5 Nb8 11.b3 O-O 12.a3 c6  1/2-1/2

[Event "Vlissingen op"]
[Site "Vlissingen"]
[Date "1996.??.??"]
[Round "3"]
[White "De Wolf, Johan"]
[Black "Ikonnikov, Vyacheslav"]
[Result "1/2-1/2"]
[WhiteElo "2275"]
[BlackElo "2540"]

1.d4 Nf6 2.Nf3 e6 3.c4 Bb4+ 4.Bd2 Qe7 5.g3 Nc6 6.Bg2 Bxd2+ 7.Nbxd2 d6 8.O-O O-O
9.a3 a5 10.Qc2 e5 11.e3 Bg4 12.Rfe1 Rfe8 13.d5 Nb8 14.b4 Nbd7 15.e4 Ra7 16.Nb3 Bxf3
17.Bxf3 b6 18.Qc3 Rea8 19.bxa5 bxa5 20.a4 g6 21.Rec1 Ne8 22.Bg4 h5 23.Bxd7 Qxd7
24.f4 exf4 25.gxf4 Qg4+ 26.Qg3 Qe2 27.e5 h4 28.Qf2 Qg4+ 29.Kh1 dxe5 30.Rg1 Qxf4
31.Qxf4 exf4 32.Raf1 Rb7 33.Nc5 Rb4 34.Rxf4 Nd6 35.Rxh4 Rxc4 36.Rxc4 Nxc4
37.Rd1 Rd8 38.Nb7 Rb8 39.Rc1 Rxb7 40.Rxc4 Kf8 41.Rc5 Ke7 42.Kg2 Kd6 43.Rxa5 Rb4
44.Ra6+ Kxd5 45.Rf6 Rxa4 46.Rxf7 c5 47.Rf6 c4 48.Rxg6 c3 49.Kf3 c2 50.Rg1 Rc4
51.Rc1 Kd4 52.Kg4 Kd3+ 53.Kg5 Rc5+ 54.Kg6 Rc6+ 55.Kg5 Kd2 56.Rxc2+ Rxc2 57.h4 Rc5+
58.Kg4 Ke3 59.h5 Rc6 60.Kg5 Rc5+ 61.Kg4 Ke4 62.h6 Rc1 63.Kg5 Rh1 64.Kg6 Ke5
65.h7 Ke6 66.Kg7 Rg1+ 67.Kh8  1/2-1/2

[Event "Vlissingen op"]
[Site "Vlissingen"]
[Date "1996.??.??"]
[Round "5"]
[White "Abolianin, Arthur"]
[Black "Kogan, Artur"]
[Result "0-1"]
[WhiteElo "2300"]
[BlackElo "2475"]

1.d4 Nf6 2.c4 e6 3.Nf3 Bb4+ 4.Bd2 a5 5.g3 d6 6.Bg2 Nbd7 7.O-O e5 8.Bg5 exd4
9.Nxd4 h6 10.Bc1 O-O 11.Qc2 Re8 12.Nc3 Ne5 13.b3 Bc5 14.Rd1 Rb8 15.h3 Bd7
16.Bb2 Qc8 17.Kh2 Ng6 18.e4 Re5 19.Nd5 Nxd5 20.cxd5 Rh5 21.Ne6 fxe6 22.Qe2 Nf4
23.gxf4 Rh4 24.dxe6 Bxe6 25.f5 Bf7 26.Qf3 Qd8 27.Qg3 Qg5 28.Rf1 g6 29.fxg6 Bxg6
30.f4 Qxg3+ 31.Kxg3 Rh5 32.Bf3 Re8 33.f5 Rg5+ 34.Kf4 d5 35.Be5 dxe4 36.Bxe4 Rf8
37.Rfc1 Bf2 38.Bxc7 Bxf5 39.Bxf5 Rgxf5+ 40.Ke4 Rf3 41.Kd5 Rxh3 42.Rh1 Rd3+
43.Ke6 Re3+ 44.Kd7 Rf7+ 45.Kc8 Rc3 46.Kxb7 Rcxc7+ 47.Ka6 Rf5  0-1

[Event "Vlissingen op"]
[Site "Vlissingen"]
[Date "1996.??.??"]
[Round "6"]
[White "Ikonnikov, Vyacheslav"]
[Black "Bjarnason, Saevar"]
[Result "1-0"]
[WhiteElo "2540"]
[BlackElo "2285"]

1.d4 Nf6 2.Nf3 e6 3.c4 Bb4+ 4.Bd2 a5 5.g3 b6 6.Bg2 Ba6 7.Ne5 Ra7 8.O-O c5
9.Be3 cxd4 10.Bxd4 O-O 11.b3 d5 12.Nc3 dxc4 13.bxc4 Nbd7 14.Nb5 Bxb5 15.cxb5 Nxe5
16.Bxe5 Nd7 17.Bb2 Qg5 18.Qd3 Nc5 19.Qc4 Rd7 20.a3 Bd2 21.Bc6 Rd6 22.Kh1 Rc8
23.Rad1 Nd7 24.Qb3 Qc5 25.e3 Ne5 26.Bd4 Qc4 27.Qb2 Nxc6 28.bxc6 Rcxc6 29.Kg1 e5
30.Bxe5 Qc2 31.Qxc2  1-0

[Event "JUG-chT"]
[Site "Vrnjacka Banja"]
[Date "1996.??.??"]
[Round "?"]
[White "Popov, Luben"]
[Black "Babic, Drasko"]
[Result "1-0"]
[WhiteElo "2370"]
[BlackElo "2305"]

1.d4 Nf6 2.c4 e6 3.Nf3 Bb4+ 4.Bd2 a5 5.g3 O-O 6.Bg2 d5 7.Bxb4 axb4 8.Nbd2 b6
9.O-O c5 10.cxd5 exd5 11.Ne5 Bf5 12.Ndc4 Be4 13.Bxe4 Nxe4 14.Ne3 c4 15.f3 Ng5
16.h4 Ne6 17.f4 f6 18.f5 Nc7 19.Nf3 Nc6 20.Ng2 Qe7 21.g4 Rae8 22.e3 Qd6 23.Nh2 Re4
24.Qf3 Nb5 25.Rf2 Nbxd4 26.exd4 Nxd4 27.Qd1 Rfe8 28.Qa4 Ne2+ 29.Kh1 Qc5 30.Rf3 b5
31.Qc2 Nd4 32.Qf2 c3 33.bxc3 bxc3 34.g5 c2 35.Rc1 Re2 36.Qg1 Qb4 37.Rf4 R8e4
38.Rxe4 dxe4 39.gxf6 Qd2  1-0

[Event "JUG-chT"]
[Site "Vrnjacka Banja"]
[Date "1996.??.??"]
[Round "?"]
[White "Ris, Bogdan"]
[Black "Raicevic, Ivica"]
[Result "0-1"]
[WhiteElo "2130"]
[BlackElo "2375"]

1.d4 e6 2.c4 Nf6 3.Nf3 Bb4+ 4.Bd2 a5 5.g3 b6 6.Bg2 O-O 7.O-O Ba6 8.Qc2 c6
9.a3 Be7 10.Re1 d5 11.cxd5 cxd5 12.Nc3 Nbd7 13.Bg5 Rc8 14.Nd2 b5 15.Qd1 Qb6
16.e3 h6 17.Bxf6 Nxf6 18.Bf1 b4 19.Na4 Qc6 20.Bxa6 Qxa6 21.Nb3 Nd7 22.Qe2 Qc6
23.axb4 Bxb4 24.Rec1 Qd6 25.Rxc8 Rxc8 26.Rc1 Rxc1+ 27.Nxc1 Qc6 28.Qd1 e5
29.Ne2 e4 30.Qb3 Nf6 31.Nac3 g5 32.Na2 Bf8 33.Nac3 Qe6 34.Kg2 Qf5 35.Ng1 Bb4
36.Qd1 Bxc3 37.bxc3 Qc8 38.Qb3 Qc6 39.Qb8+ Kg7 40.Ne2 a4 41.Qb4 h5 42.h3 Qc4
43.Nc1 Qa6 44.Qa3 Qb5 45.Qb4 Qa6 46.Qa3 h4 47.g4 Qe6 48.Qxa4 Nxg4 49.Qc2 Nf6
50.Qd1 Qf5 51.Qe2 Qc8 52.Na2 Qf5 53.Nb4 Qc8 54.Na2 Kg6 55.Qd1 g4 56.hxg4 Nxg4
57.Qe2 Qf5 58.Nb4 h3+ 59.Kg1 Qg5 60.Kh1 Ne5 61.f4 exf3 62.Qf1 Qg2+ 63.Qxg2+ fxg2+  0-1

[Event "Warsaw op (Women)"]
[Site "Warsaw"]
[Date "1996.??.??"]
[Round "2"]
[White "Zielinska, Marta"]
[Black "Lomineishvili, Maia"]
[Result "1/2-1/2"]
[WhiteElo "2250"]
[BlackElo "2305"]

1.d4 Nf6 2.Nf3 e6 3.c4 Bb4+ 4.Bd2 Qe7 5.Nc3 b6 6.g3 Bb7 7.Bg2 O-O 8.O-O Bxc3
9.Bxc3 Ne4 10.Rc1 Nxc3 11.Rxc3 a5 12.Nd2 Bxg2 13.Kxg2 d6 14.Nf3 Nd7 15.Qc2 e5
16.dxe5 dxe5 17.Rd1 Nc5 18.Re3 f6 19.Nd4 g6 20.Nb3 Ne6 21.Qe4 Rad8 22.Red3 Rxd3
23.Rxd3 Rd8 24.Rxd8+ Qxd8 25.Qc6 Kf7 26.c5 Ke7 27.cxb6 cxb6 28.h4 Qc7 29.Qe4 Nd8
30.Qe3 Qc6+ 31.f3 Nf7 32.Nc1 Nd6 33.g4 Qc2 34.b3 e4 35.Nd3 Qxa2 36.Nf2 Qc2
37.Qxb6 Qxe2 38.fxe4 Qd2 39.Qc7+ Kf8 40.Qb8+ Kg7 41.Qd8 f5 42.g5 Nxe4 43.Qe7+ Kg8
44.Qe8+ Kg7  1/2-1/2

[Event "Wattens op"]
[Site "Wattens"]
[Date "1996.??.??"]
[Round "6"]
[White "Marwan, David"]
[Black "Ritz, Thomas"]
[Result "1/2-1/2"]
[WhiteElo "1915"]
[BlackElo "2175"]

1.d4 Nf6 2.c4 e6 3.Nf3 Bb4+ 4.Bd2 Qe7 5.a3 Bxd2+ 6.Nbxd2 d6 7.e3 O-O 8.Qc2 e5
9.dxe5 dxe5 10.c5 a5 11.Rc1 Nc6 12.Bb5 e4 13.Bxc6 bxc6 14.Nd4 Bd7 15.O-O Rfe8
16.b4 axb4 17.axb4 Qe5 18.Rfe1 Ng4 19.Nf1 Qd5 20.Qc4 Qxc4 21.Rxc4 Ra4 22.Rb1 Ne5
23.Rc2 Rb8 24.b5 cxb5 25.c6 Be8 26.Rc5  1/2-1/2

[Event "Wattens op"]
[Site "Wattens"]
[Date "1996.??.??"]
[Round "8"]
[White "Marwan, David"]
[Black "Czoeppan, Thomas"]
[Result "1/2-1/2"]
[WhiteElo "1915"]
[BlackElo "2155"]

1.d4 Nf6 2.c4 e6 3.Nf3 Bb4+ 4.Bd2 Qe7 5.a3 Bxd2+ 6.Qxd2 O-O 7.Nc3 d6 8.e3 Nbd7
9.Be2 e5 10.Qc2 Re8 11.b4 exd4 12.Nxd4 g6 13.O-O Ne5 14.Nd5 Qd8 15.Nb5 Nxd5
16.cxd5 c6 17.dxc6 bxc6  1/2-1/2

[Event "NBG Open Weilburg"]
[Site "Weilburg"]
[Date "1996.??.??"]
[Round "6"]
[White "Legky, Nikolay A"]
[Black "Sprotte, Norbert"]
[Result "1-0"]
[WhiteElo "2540"]
[BlackElo "2240"]

1.d4 Nf6 2.c4 e6 3.Nf3 Bb4+ 4.Bd2 Qe7 5.g3 Nc6 6.Bg2 Bxd2+ 7.Nbxd2 d6 8.e4 e5
9.d5 Nb8 10.O-O a5 11.c5 Nbd7 12.cxd6 cxd6 13.b3 O-O 14.Qc2 Nc5 15.a3 Bd7
16.b4 axb4 17.axb4 Na4 18.Rfc1 Rfc8 19.Qb3 Qd8 20.Rxc8 Qxc8 21.Nc4 Ne8 22.Nfd2 b5
23.Na5 Ra7 24.Bf1 Kf8 25.Qe3 Rc7 26.Nc6 Qb7 27.Nb3 Bxc6 28.Na5 Qb6 29.Qxb6 Nxb6
30.Nxc6 f5 31.Ra6 Nc4 32.exf5 Nf6 33.Ra8+ Ne8 34.Rb8 Na3 35.Bxb5 Nxb5 36.Rxb5 Nf6
37.Kg2 Rc8 38.h3 Nxd5 39.Na7 Ra8 40.Rxd5 Rxa7 41.Rxd6 Rb7 42.Rd5 Rxb4 43.Rxe5 Kf7
44.g4 h6 45.Ra5 Rc4 46.Kg3 Rb4 47.Ra7+ Kf6 48.Ra6+ Kf7 49.f3 Rc4 50.h4 Rc5
51.Rd6 Rb5 52.Kf4 Rb4+ 53.Ke5 Ke7 54.Rd4 Rb3 55.Kf4 Rb6 56.g5 hxg5+ 57.hxg5 Ra6
58.Rb4 Ra7 59.Kg4 Kf7 60.f4 Rc7 61.Kh5 Ra7 62.Rb6 Rc7 63.f6 gxf6 64.Rxf6+ Kg7
65.Ra6  1-0

[Event "NBG Open Weilburg"]
[Site "Weilburg"]
[Date "1996.??.??"]
[Round "8"]
[White "Kohlweyer, Bernd"]
[Black "Martinovic, Slobodan"]
[Result "1/2-1/2"]
[WhiteElo "2430"]
[BlackElo "2500"]

1.d4 Nf6 2.c4 e6 3.Nf3 Bb4+ 4.Bd2 Qe7 5.g3 Nc6 6.Nc3 Bxc3 7.Bxc3 Ne4 8.Rc1 d6
9.d5 Nxc3 10.Rxc3 Nb8 11.dxe6 fxe6 12.Bg2 O-O 13.O-O Nd7 14.Nd4 Nf6 15.b4 e5
16.Nc2 c6 17.Ne3 Be6 18.b5 cxb5 19.cxb5 Rac8 20.Nd5 Bxd5 21.Bxd5+ Kh8 22.Rd3 Rc5  1/2-1/2

[Event "Werfen op-A"]
[Site "Werfen"]
[Date "1996.??.??"]
[Round "5"]
[White "Burmakin, Vladimir"]
[Black "Ikonnikov, Vyacheslav"]
[Result "1-0"]
[WhiteElo "2505"]
[BlackElo "2540"]

1.d4 Nf6 2.Nf3 e6 3.c4 Bb4+ 4.Bd2 Qe7 5.Nc3 O-O 6.Qc2 d6 7.a3 Bxc3 8.Bxc3 Nbd7
9.e3 b6 10.Bd3 Bb7 11.Ng5 h6 12.Nh7 Nxh7 13.Bxh7+ Kh8 14.Be4 Bxe4 15.Qxe4 Nf6
16.Qf3 a5 17.O-O d5 18.Rac1 c6 19.Qe2 Qd7 20.a4 Ne4 21.Be1 Rfc8 22.f3 Nd6
23.c5 bxc5 24.dxc5 Ne8 25.Bc3 f6 26.f4 Qe7 27.Qe1 Rcb8 28.Rf2 Rb3 29.e4 Qxc5
30.Bxf6 Qb4 31.Bc3 Qxa4 32.exd5 exd5 33.Qe6 Kh7 34.Qf5+ Kg8 35.Qe6+ Kh7 36.Be5 Re3
37.h3 Qe4 38.Rxc6 d4 39.Qd7 d3 40.Re6 Rg3 41.Bc3 Nf6 42.Bxf6 Qf5 43.Bxg7  1-0

[Event "Owens Corning"]
[Site "Wrexham"]
[Date "1996.??.??"]
[Round "?"]
[White "Murugan, Krishnamoorthy"]
[Black "Dunnington, Angus J"]
[Result "1/2-1/2"]
[WhiteElo "2430"]
[BlackElo "2450"]

1.d4 Nf6 2.c4 e6 3.Nf3 Bb4+ 4.Bd2 c5 5.dxc5 Bxc5 6.e3 O-O 7.Nc3 d5 8.a3 a6
9.b4 Ba7 10.Qb3 Nc6 11.Be2 dxc4 12.Qxc4 e5 13.Ng5 Ne8 14.h4 Nd6 15.Qd3 Bf5
16.Nce4 Nxe4  1/2-1/2

[Event "Oberliga Wuert9596"]
[Site "Wuerttemberg"]
[Date "1996.??.??"]
[Round "?"]
[White "Vokac, Marek"]
[Black "Vujic, Branimir"]
[Result "1-0"]
[WhiteElo "2475"]
[BlackElo "2230"]

1.d4 Nf6 2.c4 e6 3.Nf3 Bb4+ 4.Bd2 c5 5.Bxb4 cxb4 6.a3 bxa3 7.Rxa3 O-O 8.Nc3 Nc6
9.e3 d6 10.Be2 a5 11.O-O b6 12.Qb1 Ba6 13.Rd1 d5 14.Ne5 Nb4 15.Bf3 Rc8 16.cxd5 exd5
17.g4 Qd6 18.g5 Ne8 19.Bg4 Rd8 20.Bf5 g6 21.Bg4 f6 22.gxf6 Qxf6 23.f4 Qh4
24.Rd2 Nf6 25.Rg2 Nxg4 26.Rxg4 Qh5 27.Rg5 Qh3 28.Rg3 Qh5 29.Rg5 Qh3 30.Rg3 Qh5
31.Qd1 Qxd1+ 32.Nxd1 Bc8 33.Rc3 Bf5 34.h4 Rc8 35.Rxc8 Rxc8 36.Nc3 Nd3 37.Nxd3 Bxd3
38.Rg5 Bc4 39.h5 Kf7 40.Kf2 Rd8 41.e4 b5 42.e5 b4 43.Na4 Bd3 44.Nc5 Bc2 45.Nb7 Ra8
46.hxg6+ hxg6 47.Nd6+ Ke6 48.f5+ gxf5 49.Rg6+ Kd7 50.Nb5 a4 51.Rd6+ Ke7 52.Nc7 Rb8
53.Nxd5+ Kf8 54.e6 a3 55.Rd7 f4 56.Nf6  1-0

[Event "Oberliga Wuert9697"]
[Site "Wuerttemberg"]
[Date "1996.??.??"]
[Round "?"]
[White "Berezovsky, Igor"]
[Black "Banaszek, Marcin"]
[Result "1-0"]
[WhiteElo "2430"]
[BlackElo "2300"]

1.d4 Nf6 2.Nf3 e6 3.c4 Bb4+ 4.Bd2 Qe7 5.g3 Nc6 6.Bg2 Bxd2+ 7.Nbxd2 d6 8.e4 e5
9.d5 Nb8 10.b4 O-O 11.O-O Bg4 12.Qc2 Bxf3 13.Bxf3 a5 14.a3 axb4 15.axb4 Na6
16.Qc3 c6 17.Bg2 cxd5 18.exd5 Rac8 19.Rfe1 Qc7 20.Ra5 Nd7 21.Rc1 f5 22.Nb3 Qb6
23.Qa1 f4 24.Rb5 Qc7 25.c5 fxg3 26.hxg3 Ndb8 27.Bh3 Rce8 28.Be6+ Kh8 29.Na5 Qe7
30.Rxb7 Qf6 31.Qb2 dxc5 32.bxc5 h5 33.c6 h4 34.c7 Nxc7 35.Rbxc7 Na6 36.R7c4 hxg3
37.fxg3 g5 38.Nc6  1-0

[Event "Wuerzburg op"]
[Site "Wuerzburg"]
[Date "1996.??.??"]
[Round "3.6"]
[White "Wells, Peter K"]
[Black "Wege, Jochen"]
[Result "1-0"]
[WhiteElo "2495"]
[BlackElo "2265"]

1.d4 Nf6 2.Nf3 e6 3.c4 Bb4+ 4.Bd2 Qe7 5.g3 O-O 6.Bg2 a5 7.O-O Bxd2 8.Qxd2 d6
9.Nc3 Re8 10.Rac1 e5 11.dxe5 dxe5 12.Nd5 Qd8 13.Qg5 c6 14.Nxf6+ Qxf6 15.Qxf6 gxf6
16.Nd2 f5 17.f4 exf4 18.Rxf4 Rxe2 19.Rd4 Re8 20.Rf1 Na6 21.Bh3 f4 22.Bxc8 Raxc8
23.Rdxf4 Re2 24.Ne4 Rd8 25.Nf6+ Kg7 26.Rg4+ Kf8 27.Nxh7+ Ke7 28.Rg7 Rxb2
29.Rgxf7+ Ke6 30.Ng5+  1-0

[Event "Wuerzburg op"]
[Site "Wuerzburg"]
[Date "1996.??.??"]
[Round "7.3"]
[White "Wells, Peter K"]
[Black "Kogan, Artur"]
[Result "1/2-1/2"]
[WhiteElo "2400"]
[BlackElo "2530"]

1.d4 Nf6 2.Nf3 e6 3.c4 Bb4+ 4.Bd2 a5 5.Nc3 b6 6.e3 Ba6 7.Bd3 d5 8.Qe2 Nbd7
9.O-O O-O 10.Rac1 Re8 11.Rfd1 c5 12.cxd5 Bxd3 13.Qxd3 exd5 14.dxc5 Nxc5 15.Qb5 Ne6
16.Na4 Bc5 17.Bc3 Qe7 18.Qc6 Ne4 19.Nxc5 N6xc5 20.Be5 Rad8 21.Bf4 Rc8 22.Qxd5 Red8
23.Qe5 Qxe5 24.Nxe5 f6 25.Rxd8+ Rxd8 26.Nc4 Nd3 27.Rb1 Nxf4 28.exf4 Nd2 29.Nxd2 Rxd2
30.a4 Rd4 31.b3 Rb4 32.Kf1 b5 33.axb5 a4 34.Ke2 axb3 35.Kd3 Rxb5  1/2-1/2

[Event "Yalta op (Women)"]
[Site "Yalta"]
[Date "1996.??.??"]
[Round "6"]
[White "Son, Irina"]
[Black "Fatalibekova, Elena"]
[Result "1-0"]
[WhiteElo "2200"]
[BlackElo "2240"]

1.d4 Nf6 2.c4 e6 3.Nf3 Bb4+ 4.Bd2 c5 5.Bxb4 cxb4 6.e3 b6 7.a3 bxa3 8.Nxa3 O-O
9.b4 Qe7 10.Nc2 Bb7 11.Be2 Nc6 12.b5 Na5 13.O-O d6 14.Nd2 e5 15.Bf3 Rfc8
16.Ra4 e4 17.Be2 a6 18.bxa6 Bxa6 19.Nb4 Bb7 20.Qb1 d5 21.Nxd5 Bxd5 22.cxd5 Nxd5
23.Nxe4 Rc7 24.Bf3 Rd8 25.Ra1 Nc4 26.Rc1 g6 27.Qb5 Na5 28.Rxc7 Qxc7 29.h4 h5
30.Rb1 Qc2 31.Qb2 Qd3 32.Rd1 Qa6 33.Qa2 Kg7 34.Rc1 Rd7 35.Ng5 Qb5 36.Qb1 Nb3
37.Bd1 Nxd4 38.exd4 Qxb1 39.Rxb1 Nc3 40.Ra1 Rxd4 41.Bb3 Rxh4 42.Ra7 Rb4 43.Bxf7 Kf6
44.Nf3 Rb1+ 45.Kh2 b5 46.Rc7 Rb2 47.Bxg6 Kxg6 48.Rxc3 b4 49.Rc6+ Kf5 50.Kg3 Ke4
51.Rd6 b3 52.Rd4+ Kf5 53.Rb4 Kf6 54.Nd4 h4+ 55.Kf3  1-0

[Event "Yalta op"]
[Site "Yalta"]
[Date "1996.??.??"]
[Round "7"]
[White "Tunik, Gennady"]
[Black "Kuzmin, Gennadi P"]
[Result "1/2-1/2"]
[WhiteElo "2475"]
[BlackElo "2535"]

1.d4 Nf6 2.c4 e6 3.Nf3 Bb4+ 4.Bd2 a5 5.Nc3 O-O 6.e3 d6 7.Be2 Bxc3 8.Bxc3 Ne4
9.Qc2 Nxc3 10.Qxc3 b6 11.Nd2 Bb7 12.Bf3 Bxf3 13.Nxf3 Nd7 14.O-O Qe8 15.e4 f5
16.exf5 Rxf5 17.Rae1 Qf7 18.Re3 h6 19.Rfe1 Rf6 20.Nd2 Rf8 21.Rf3 e5 22.Rxf6 Qxf6
23.Ne4 Qg6 24.d5 Rf4 25.f3 Nf6 26.Qd3 Nxe4 27.fxe4 h5 28.Re3 h4 29.h3 Qg5
30.b3 Rf6 31.Qe2  1/2-1/2

[Event "Yerevan ol (Men)"]
[Site "Yerevan"]
[Date "1996.??.??"]
[Round "2"]
[White "Dydyshko, Viacheslav"]
[Black "Bogdanovski, Vlatko"]
[Result "1/2-1/2"]
[WhiteElo "2545"]
[BlackElo "2460"]

1.d4 Nf6 2.c4 e6 3.Nf3 Bb4+ 4.Bd2 c5 5.Bxb4 cxb4 6.g3 O-O 7.Bg2 d6 8.Nbd2 a5
9.a3 Na6 10.O-O Qc7 11.Rc1 Bd7 12.Ne1 e5 13.Nd3 Rfe8 14.axb4 e4 15.Nf4 Nxb4
16.e3 Rac8 17.Nh5 Nxh5 18.Qxh5 f5 19.Rc3 Qd8 20.f3 exf3 21.Nxf3 Qe7 22.Qh4  1/2-1/2

[Event "Yerevan ol (Men)"]
[Site "Yerevan"]
[Date "1996.??.??"]
[Round "2"]
[White "Livshits, Ron"]
[Black "Sulskis, Sarunas"]
[Result "1/2-1/2"]
[WhiteElo "2390"]
[BlackElo "2515"]

1.d4 Nf6 2.c4 e6 3.Nf3 Bb4+ 4.Bd2 a5 5.g3 b6 6.Bg2 Bb7 7.O-O O-O 8.Nc3 d6
9.Rc1 Nbd7 10.Bg5 h6 11.Bxf6 Nxf6 12.Na4 d5 13.c5 b5 14.c6 Bxc6 15.Rxc6 bxa4
16.Qxa4 Bd6 17.Rfc1 Qb8 18.Qc2 Qb4 19.a3 Qb5 20.Ne1 Ra6 21.Rxa6 Qxa6 22.Nd3 a4
23.Bf1 Rb8 24.e3 Qa7 25.Be2 Rb3 26.Bd1 Qa6 27.Be2 Qb6 28.Bd1 Qb5 29.Be2 Qb6
30.Bd1  1/2-1/2